| 000 | 00671nam a2200253 a 4500 | ||
|---|---|---|---|
| 005 | 20210219153115.0 | ||
| 008 | 991125n 000 0 u | ||
| 035 | _aUPN01000078301 | ||
| 100 | _aRiordan, Richard J. | ||
| 222 | _aSCHOOL COUNSELOR | ||
| 245 | _aEvidence of sexual abuse in children's art products | ||
| 300 | _a116-121 | ||
| 362 | _a39, No. 2, 1991 | ||
| 505 | _aJunio 1992 | ||
| 653 | 0 | _aABUSO SEXUAL | |
| 653 | 0 | _aARTE INFANTIL | |
| 653 | 0 | _aIDENTIFICACION | |
| 653 | 0 | _aNINO MALTRATADO | |
| 653 | 0 | _aPRODUCTOS DEL ARTE | |
| 653 | 0 | _aTECNICAS DE ASESORAMIENTO | |
| 700 | _aVerdel, Anne C. | ||
| 904 |
_aAC _b016112 |
||
| 905 | _aArticulo | ||
| 999 |
_c68635 _d68635 |
||